000 00817nas a2200241 i 4500
001 853
003 ES-MaACL
005 20250815062530.0
008 950801d18751876fr | | 1 ||re d
022 _a2016-8748
080 _a44
245 0 2 _aL'Explorateur
_b: journal geógraphique et commercial hebdomadaire /
_csous le patronage de la Société de Géographie Commerciale de Paris ; dir. M. Charles Hertz.
260 _aParis :
_bBureaux du journal,
_c1875-1876.
300 _a1 v. ;
_c31 cm.
310 _aSemanal
362 0 _aI, n° 1 (1875) - IV, n° 81 (agosto 1876)
650 1 7 _aGeografía
_2embne
_913070
700 1 _aHertz, M. Charles,
_edir.
_9227539
710 2 _aSociété de Géographie Commerciale (France)
_9151679
852 _aES-MaACL
_jHem-760
866 0 _o(1876).
999 _c853
_d853